书目信息 |
| 书名: | 2006 Writer’s market | |
| 作者: | by Kathryn S.Brogan. | |
| 分册号: | ||
| 分册名: | 出版地: | Cincinnati : |
|
| 出版社: | F & W Publications | |
| 出版时间: | ||
| 页数: | 1178 p. ; | |
| 开本: | 21-24 cm. | |
| 丛书名: | ||
| 中图分类号: | ||
| 科图分类号: | ||
| 其他分类号: | G23 | |
| 主题词: | ||
| 电子资源: | ||
| 000 | 03900cas a2200913 450 | |
| 001 | E0728649517 | |
| 005 | 20070711081128.21 | |
| 008 | 750530c19229999ohuar1 r 0 a0eng | |
| 010 | @a31020772 | |
| 012 | @a33-7-0401230811-p----- 1 | |
| 022 | 0 | @a0084-2729. |
| 035 | @a(OCoLC)ocm01361183 | |
| 037 | @bWriter’s Market, 9933 Alliance Rd., Cinncinati, Ohio 45242 | |
| 040 | @aDLC@cDI@dFGULS@dNIC@dDLC@dOCoLC@dDLC@dNSDP@dMH@dOCoLC@dNST@dOCoLC@dPPiU@dDLC@dMH@dGU@dDLC@dOCoLC | |
| 042 | @alc@ansdp | |
| 043 | @an-us--- | |
| 050 | 00 | @aPN161@b.W83 |
| 082 | @a808/.025/0977178 | |
| 090 | @aG23 | |
| 099 | @dG23@ex62 | |
| 210 | 0 | @aWrit. mark. |
| 222 | 4 | @a2006 Writer’s market |
| 245 | 04 | @a2006 Writer’s market / @cby Kathryn S.Brogan. |
| 246 | 14 | @aWriter’s market online@f<2002-> |
| 249 | 0 | @iACQUIRE Title:@aWriter’s market |
| 260 | @aCincinnati :@bF & W Publications. | |
| 300 | @a1178 p. ;@c21-24 cm. | |
| 310 | @aAnnual | |
| 362 | 0 | @a1922- |
| 580 | @aAlso issued on CD-ROM, 1997- | |
| 590 | @aSERBIB/SERLOC merged record | |
| 592 | @aACQN: aq 94012549 | |
| 592 | @aFormerly order no. 9026871 canc. 609, 11-17-82 | |
| 592 | @aAnnual | |
| 650 | 0 | @aPeriodicals@vDirectories. |
| 650 | 0 | @aAuthorship@xMarketing. |
| 650 | 0 | @aPublishers and publishing@vDirectories. |
| 700 | @aby Brogan,Kathryn S. | |
| 730 | 0 | @aWriter’s digest. |
| 776 | 1 | @tWriter’s market (CD-ROM)@w(DLC) 98658514@w(OCoLC)34081728 |
| 850 | @aDLC@aMH-Ed@aMnSU@aP@aPPiU | |
| 852 | @xuniversal pattern | |
| 853 | 33 | @8 1@a(year)@wa |
| 863 | 41 | @8 1.1@a<2002> |
| 890 | @aWriter’s market. (Writer’s digest) Cincinnati.@i31-20772 | |
| 906 | @a7@bcbc@cserials@d3@encip@f19@gn-oclcserc | |
| 920 | @aKeep 2 | |
| 936 | @a1985 | |
| 984 | @asrvf@d2002-01-11 | |
| 991 | @bc-GenColl@hPN161@i.W83@p00036621205@tCopy 2@v* 1996@wCCF | |
| 991 | @bc-GenColl@hPN161@i.W83@wSERIALS | |
| 991 | @bc-GenColl@hPN161@i.W83@p00035138274@tCopy 1@v1996 * 1996@wCCF | |
| 991 | @bc-GenColl@hPN161@i.W83@p00034593395@tCopy 901@v1997 * 1997@wCCF | |
| 991 | @bc-GenColl@hPN161@i.W83@p00032493592@tCopy 908@v1997 * 1997@wCCF | |
| 991 | @bc-GenColl@hPN161@i.W83@p00037886841@tCopy 1@v1997 * 1997@wCCF | |
| 991 | @bc-GenColl@hPN161@i.W83@p00009882005@tCopy 1@v1988 * 8888@wCCF | |
| 991 | @bc-GenColl@hPN161@i.W83@p00019773310@tCopy 2@v1988 * 8888@wCCF | |
| 991 | @bc-GenColl@hPN161@i.W83@p00017486196@tCopy 2@v1992 * 8888@wCCF | |
| 991 | @bc-GenColl@hPN161@i.W83@p00053221890@tCopy 901@v* 1998@wCCF | |
| 991 | @bc-GenColl@hPN161@i.W83@p00056617565@tCopy 901@v* 1999@wCCF | |
| 991 | @bc-GenColl@hPN161@i.W83@p00014240135@tCopy 911@v* 1995@wCCF | |
| 991 | @bc-GenColl@hPN161@i.W83@p00012273204@tCopy 2@v* 1995@wCCF | |
| 991 | @bc-GenColl@hPN161@i.W83@p00011361985@tCopy 901@v1994 * 1994@wCCF | |
| 991 | @bc-GenColl@hPN161@i.W83@p00015349621@tCopy 901@v1994 * 1994@wCCF | |
| 991 | @bc-GenColl@hPN161@i.W83@p00004474880@tCopy 908@v1995 * 8888@wCCF | |
| 991 | @bc-GenColl@hPN161@i.W83@p00004669307@tCopy 908@v1995 * 8888@wCCF | |
| 991 | @bc-Ser@wACQUIRE | |
| 991 | @bo-COP/I&RD@tX-Copy 4@zLatest edition@wACQUIRE | |
| 991 | @bo-NLS/REF@wACQUIRE | |
| 991 | @br-MRR@hPN161@i.W83@tSet 1@mRef Desk@zLatest edition@wGenBib bi 87-025040 | |
| 991 | @br-BusRR@hPN161@i.W83@tSet 2@zLatest edition@wGenBib bi 87-025040 | |
| 991 | @br-N&CPR@hPN161@i.W83@tX-Copy 3@mDesk@zLatest edition@wGenBib bi 92-005994 | |
| 991 | @bc-MRC@hPN161@i.W83@tX-Copy 5@zLatest edition@wGenBib | |
| 991 | @bc-GenColl@hPN161@i.W83@p00011110496@tCopy 1@v1993 * 8888@wCCF | |
| 991 | @bc-GenColl@hPN161@i.W83@p00012291644@tCopy 902@v1993 * 8888@wCCF | |
| 992 | @b93000437@wACQUIRE | |
| 992 | @bcall x7-5305@wSERLOC | |
| 992 | @b95004832@wACQUIRE | |
| 992 | @bGEN COLL@wACQUIRE | |
| 2006 Writer’s market / / by Kathryn S.Brogan.-Cincinnati : : F & W Publications. |
| 1178 p. ; ; 21-24 cm. |
| Also issued on CD-ROM, 1997- .-SERBIB/SERLOC merged record .-ACQN: aq 94012549 .-Formerly order no. 9026871 canc. 609, 11-17-82 .-Annual |
| ISBN |
| ● |
| 相关链接 |
|
|
|
|
正题名:Writer's market
索取号:G23/x62
 
预约/预借
| 序号 | 登录号 | 条形码 | 馆藏地/架位号 | 状态 | 备注 |
| 1 | 12687 | 300126879 | 第二样本阅览室/ [索取号:G23/x62] | 在馆 | |
| 2 | 12688 | 300126888 | 第四借阅区/ [索取号:G23/x62] | 在馆 |